00775nam a2200217Ia 4500003000400000008004100004020002400045040000800069100002300077245010000100260003400200300001300234365001300247440005000260901002100310902003700331903005800368942001200426952010200438999001700540LDD181029s9999 xx 000 0 und d a787946818cUS34.95 cLDD aBates, A. W.(Tony) 0aManaging technological changebstratgies for college and university leaderscA. W. Bates (Tony) aCaliforniabJossey-Bassc1999 axix, 235 bUS34.95 aJossey-Bass higher and adult education series a1813b13-01-2000 aSAR/13244b14-02-2000cFeSTRIDE aDiscount-10bReqst by : Dr.(Mrs) Neela Jagannathan  2ddccBK 00102ddc4070963874aLDDbLDDl0o378.00285 B319Mp047200r2018-11-01v1569.25w2018-11-01yBK c63875d63875